| 000 | 00955nam a2200253 i 4500 | ||
|---|---|---|---|
| 001 | 93515 | ||
| 003 | ES-MaACL | ||
| 005 | 20230906181241.0 | ||
| 007 | t| | ||
| 008 | 050602s2004 sp ||||1| spa d | ||
| 020 | _a84-7658-677-9 | ||
| 080 | _a316.334.2:336.74 | ||
| 100 | 1 |
_aSánchez Capdequí, Celso. _9102522 |
|
| 245 | 1 | 4 |
_aLas máscaras del dinero _b: el simbolismo social de la riqueza / _cCelso Sánchez Capdequí. |
| 250 | _a1ª ed. | ||
| 260 |
_aRubí (Barcelona) : _bAnthropos ; _aIztapalapa (México) : _bDivisión de Ciencias Sociales y Humanidades, Universidad Autónoma Metropolitana, _c2004. |
||
| 300 |
_a383 p. ; _c20 cm. |
||
| 490 | 1 |
_aAutores, textos y temas. Ciencias sociales ; _v38 |
|
| 650 | 1 | 4 |
_aMoneda- _xAspectos sociales. _915155 |
| 650 | 1 | 4 |
_aMoneda- _xAspectos simbólicos. _915154 |
| 830 | 0 |
_aAutores, textos y temas. Ciencias sociales ; _v38 _9178372 |
|
| 852 |
_aES-MaACL _jL-29154 _bR.135561 |
||
| 999 |
_c93515 _d93515 |
||